[Event "It (open)"]
[Site "masterchessopen.com Reykjavik (Iceland)"]
[Date "2008.03.06"]
[Round "4"]
[White "Adly Ahmed (EGY)"]
[Black "Gaponenko Inna (UKR)"]
[Result "1-0"]
[WhiteElo "2586"]
[BlackElo "2473"]

{ Gaponenko Inna (UKR) +0 =0 -1 } 1.Nf3 d5 2.c4 c6 3.d4 Nf6 4.Nc3 e6 5.e3 Nbd7
6.Bd3 dxc4 7.Bxc4 b5 8.Bd3 b4 9.Ne4 Nxe4 ( 9...c5 10.O-O Qb6 11.Ne5 Nxe5
12.Nxf6+ gxf6 13.dxe5 fxe5 14.Be4 Rb8 15.Qh5 Bg7 16.Qg5 O-O 17.b3 f6 18.Qg3
Ba6 19.Rd1 Rbd8 20.Bb2 Rxd1+ 21.Rxd1 Rd8 22.Rxd8+ Qxd8 23.h3 Qd2 24.Qg4 f5
25.Qh5 Bb5 26.Bb7 Qd7 27.Bf3 Qd8 28.Be2 Bc6 29.Bc4 { ...1-0, Khurtsidze Nino
2395 - Gaponenko Inna 2340 , Vrnjacka Banja 1996 Ch Yugoslavia (team) (w) } )
10.Bxe4 Bb7 11.O-O { = } 11...Bd6 ( 11...Nf6 12.Bd3 a6 13.Qc2 c5 14.dxc5 Qc7
15.Qa4+ Qd7 16.Bc2 Bxc5 17.Qa5 Bd6 18.Ba4 Bc6 19.Bxc6 Qxc6 20.Bd2 Qb7 21.Rfd1
O-O 22.Be1 Rfd8 23.Rac1 Nd5 24.Nd4 Bc7 25.Qa4 a5 26.Qc6 Qb8 27.g3 Rd6 28.Qc4
Bb6 29.Nc6 Qf8 30.e4 Nc7 31.Rd3 { ...1/2-1/2, Bagaturov Giorgi 2451 -
Tkeshelashvili Sopio 2308 , Batumi 2003 It (open) } ) 12.a3 ( 12.Re1 O-O
13.Bc2 c5 14.Qd3 g6 15.e4 cxd4 16.Bh6 e5 17.Bxf8 Qxf8 18.Qb5 Nc5 19.Qxb4 Rb8
20.Qd2 Bc8 21.Rab1 Be6 22.b4 Na6 23.a3 Nc7 24.Bd3 Bg4 25.Bc4 h6 26.Qd3 { 1-0,
Balogh Janos - Lukacs Peter 2413 , Hungary 1972 } ) ( 12.Bd2 O-O 13.Rc1 Rc8
14.Qa4 Qb6 15.Rfd1 Nf6 16.Bd3 c5 17.dxc5 Rxc5 18.Rxc5 Bxc5 19.Qb5 Qxb5 20.Bxb5
Rc8 21.Be1 Bf8 22.Nd4 g6 23.Kf1 a5 24.f3 Bd5 25.b3 e5 26.Ne2 Be6 27.e4 Rc2
28.Rd2 Rxd2 29.Bxd2 Nd7 30.Nc1 Nc5 31.Ke2 f6 { ...1-0, Moiseenko Alexander
2663 - Sharapov Evgeny 2416 , Alushta 12. 4.2005 Ch Ukraine (team) } )
12...bxa3 ( 12...a5 13.axb4 axb4 14.Rxa8 Qxa8 15.Bd2 Ke7 16.Qb3 f5 17.Ng5 Nf8
18.Bxb4 Bxb4 19.Qxb4+ Kf6 20.f4 h6 21.Bxf5 c5 22.Qxc5 Bd5 23.Bxe6 Nxe6 24.Nxe6
Bxe6 25.f5 Bd5 26.Qd6+ Kf7 27.f6 Rg8 28.Qe7+ Kg6 29.e4 Bxe4 30.Qe6 Qd5
31.fxg7+ { 0-1, Staniszewski Piotr 2424 - Sveshnikov Evgeny 2507 , Warsaw
17.12.2005 Ch Europe (active) } ) 13.b4 Nf6 ( 13...a5 14.b5 Qb6 15.bxc6 Bxc6
16.Nd2 Bb4 17.Bxa3 O-O 18.Nc4 Qc7 19.Bxc6 Qxc6 20.Nxa5 Bxa5 21.Bxf8 Nxf8
22.Qf3 Qxf3 23.gxf3 Ra7 24.Rfb1 g6 25.Kf1 Bb6 26.Rxa7 Bxa7 27.Rb7 Bxd4 28.exd4
g5 29.Rb5 h6 30.f4 gxf4 31.d5 exd5 32.Rxd5 Kg7 33.Ke2 { ...1-0, Malakhatko
Vadim 2571 - Krivoshey Sergei 2499 , Simferopol 2003 Ch Ukraine } ) 14.Bd3 a5
( 14...Nd5 15.Bxa3 Nxb4 16.Bxb4 Bxb4 17.Ba6 Rb8 18.Bxb7 Rxb7 19.Qa4 O-O
20.Qxc6 Rc7 21.Qa6 Bd6 22.Rfc1 Rxc1+ 23.Rxc1 Qd7 24.g3 g6 25.Kg2 Rb8 26.Rc6
Bc7 27.Qc4 Bd6 28.e4 a5 29.Ra6 Bb4 30.Ne5 Qb7 31.Rc6 Rf8 32.Ng4 Qe7 33.h4 h5
34.Ne5 { ...1-0, Mamedyarov Shakhriyar 2674 - Al-Modiahki Mohamad 2568 ,
Moscow 15. 2.2005 It (open) "Aeroflot" } ) 15.b5 { +0.04 CAP N } ( 15.bxa5
Qxa5 16.Ne5 O-O 17.Nc4 Qc3 18.Bxa3 Bxa3 19.Rb1 Ba6 20.Rb3 Qxc4 21.Rxa3 Qd5
22.Rxa6 Rxa6 23.Bxa6 c5 24.dxc5 { 1/2-1/2, Tomashevsky Evgeny 2646 - Jakovenko
Dmitry 2710 , Moscow 30.12.2007 Ch Russia (superfinal) } ) ( 15.e4 Bxb4 16.e5
Nd5 17.Ng5 Nc3 18.Qg4 h5 19.Qf3 Qe7 20.Be4 Rc8 21.h4 Nxe4 22.Nxe4 c5 23.Bg5
Qd7 24.dxc5 Bxe4 25.Qxe4 O-O 26.Rfd1 Qc6 27.Qxc6 Rxc6 28.Be7 Rfc8 29.Rd3 Bxc5
30.Bxc5 Rxc5 31.Rdxa3 Rc1+ 32.Rxc1 Rxc1+ 33.Kh2 Rc5 34.f4 Kf8 { ...0-1,
Hernandez Holden 2483 - Abreu Aryam 2467 , Arosa 8. 8.2005 Memorial Adolfo
Pedrido (open) } ) 15...c5 16.Bxa3 cxd4 17.Nxd4 Bxa3 18.Rxa3 O-O 19.Qa1 Qd5
20.f3 Rfd8 21.Rc1 Qg5 22.Bf1 Nd5 23.Re1 h6 24.f4 Qe7 25.Nb3 Qb4 { ?! } (
25...Nb4 { !? } 26.Rc1 Rac8 27.Rxc8 Rxc8 28.Ra4 Nc2 29.Qc1 Nd4 30.Qb2 Nxb3
31.Qxb3 e5 32.fxe5 { } ) 26.Nxa5 Nb6 27.Rb1 Qd2 28.Nxb7 { } {#r} 1-0

[Event "Ch Slovakia (team) 2007/08 (1 liga) West"]
[Site "masterchessopen.com Slovakia"]
[Date "2008.03.15"]
[Round "10"]
[White "Hlinka Miroslav (SVK)"]
[Black "Federic Jozef (SVK)"]
[Result "0-1"]
[WhiteElo "2102"]
[BlackElo "2239"]

1.d4 Nf6 2.c4 e6 3.Nc3 d5 4.Nf3 c6 5.e3 Nbd7 6.Bd3 dxc4 7.Bxc4 b5 8.Bb3 b4
9.Ne2 Bb7 10.O-O Bd6 11.Re1 O-O 12.Ng3 c5 13.Bc2 Rc8 14.e4 cxd4 15.Nxd4 Ne5
16.Bg5 Bc5 17.Nge2 Neg4 18.Rf1 Qc7 19.g3 Rfd8 20.h3 Ne5 21.f4 Nc6 22.e5 Nxd4
23.Nxd4 Rxd4 {#R} 0-1

[Event "It (open)"]
[Site "masterchessopen.com Chorzow (Poland)"]
[Date "2008.04.03"]
[Round "8"]
[White "Krzempek Krystian (POL)"]
[Black "Gmaj Krzysztof (POL)"]
[Result "0-1"]
[WhiteElo "1754"]
[BlackElo "2113"]

1.d4 d5 2.c4 c6 3.Nc3 Nf6 4.e3 e6 5.Nf3 Nbd7 6.Be2 dxc4 7.Bxc4 b5 8.Bd3 Bd6
9.Ne4 Nxe4 10.Bxe4 Bb7 11.O-O O-O 12.Qc2 f5 13.Bd3 c5 14.Bxb5 Bxf3 15.Bxd7
Bxh2+ 16.Kxh2 Qh4+ 17.Kg1 Qg4 {#R} 0-1

[Event "Extraliga 2007/08"]
[Site "masterchessopen.com Slovakia"]
[Date "2008.04.10"]
[Round "11"]
[White "Kantorik Marian (SVK)"]
[Black "Cvicela Anton (SVK)"]
[Result "1-0"]
[WhiteElo "2288"]
[BlackElo "2217"]

1.d4 d5 2.c4 c6 3.Nf3 Nf6 4.Nc3 e6 5.e3 Nbd7 6.Bd3 dxc4 7.Bxc4 b5 8.Bd3 Bb7
9.O-O b4 10.Ne4 Be7 11.Bd2 Qb6 12.Qa4 O-O 13.Rac1 Nxe4 14.Bxe4 Nf6 15.Bb1 Rfc8
16.Ne5 c5 17.Nc4 Qa6 18.Qxa6 Bxa6 19.dxc5 Rxc5 20.Bxb4 Bxc4 21.Bxc5 Bxf1
22.Bxe7 Nd5 23.Kxf1 Nxe7 24.Be4 {#r} 1-0

[Event "Ch Europe"]
[Site "masterchessopen.com Plovdiv (Bulgaria)"]
[Date "2008.04.30"]
[Round "9"]
[White "Nielsen Peter Heine (DEN)"]
[Black "Baramidze David (GER)"]
[Result "1-0"]
[WhiteElo "2662"]
[BlackElo "2557"]

{ Nielsen Peter Heine (DEN) +0 =1 -0 Baramidze David (GER) +1 =0 -0 } 1.d4 d5
2.c4 c6 3.Nc3 Nf6 4.e3 e6 5.Nf3 Nbd7 6.Bd3 dxc4 7.Bxc4 b5 8.Bd3 Bb7 9.a3 b4
10.Ne4 { = } 10...bxa3 ( 10...Nxe4 11.Bxe4 bxa3 12.O-O Bd6 13.b3 Nf6 14.Nd2
Qc7 15.Bf3 Bxh2+ 16.Kh1 Bd6 17.Nc4 Be7 18.Bxa3 O-O 19.Bxe7 Qxe7 20.Ra5 Rfd8
21.Kg1 c5 22.Rxc5 Ne4 23.Bxe4 Bxe4 24.Qg4 Bd3 25.Ra1 Rac8 26.Raa5 Rb8 27.Qd1
Be4 28.Qa1 Rb7 29.Nd2 Bg6 30.Qc3 { ...1/2-1/2, Topalov Veselin 2813 - Kramnik
Vladimir 2750 , Elista 27. 9.2006 Ch World (match) } ) ( 10...c5 11.Nxf6+ gxf6
12.O-O Rg8 13.Qe2 Qb6 14.axb4 cxd4 15.exd4 Qc6 16.Kh1 Bxb4 17.Bf4 Rg4 18.Bg3
Rxd4 19.Rg1 Re4 20.Bxe4 Qxe4 21.Qxe4 Bxe4 22.Rgc1 a5 23.Nd4 e5 24.Nb5 Rb8
25.Nc7+ Ke7 26.Na6 Rb6 27.Nxb4 Rxb4 28.f3 Bf5 29.Rxa5 Rxb2 30.Be1 {
...1/2-1/2, Gelfand Boris 2700 - Shirov Alexei 2723 , Monaco 2002 It "Melody
Amber" (active) } ) 11.O-O ( 11.bxa3 Nxe4 12.Bxe4 Qc7 13.Rb1 Rb8 14.Qa4 Bd6
15.Qxa7 O-O 16.Bd2 Nf6 17.Bd3 c5 18.O-O Bxf3 19.Qxc7 Bxc7 20.gxf3 cxd4 21.a4
Ra8 22.Bb5 dxe3 23.fxe3 Nd5 24.Rfc1 Ba5 25.Bxa5 Rxa5 26.Kf2 Rb8 27.Bc6 Rxb1
28.Rxb1 Kf8 29.Rb5 Ra7 30.Bxd5 exd5 { ...1-0, Ivanchuk Vassily 2740 - Dreev
Alexey 2670 , Yalta 1995 Blitz } ) 11...Nxe4 12.Bxe4 Nf6 ( 12...Bd6 13.b3 Nf6
14.Nd2 Qc7 15.Bf3 Bxh2+ 16.Kh1 Bd6 17.Nc4 Be7 18.Bxa3 O-O 19.Bxe7 Qxe7 20.Ra5
Rfd8 21.Kg1 c5 22.Rxc5 Ne4 23.Bxe4 Bxe4 24.Qg4 Bd3 25.Ra1 Rac8 26.Raa5 Rb8
27.Qd1 Be4 28.Qa1 Rb7 29.Nd2 Bg6 30.Qc3 h6 31.Ra6 Kh7 32.Nc4 { ...1/2-1/2,
Topalov Veselin 2813 - Kramnik Vladimir 2750 , Elista 27. 9.2006 Ch World
(match) } ) 13.Bd3 Be7 { N } ( 13...axb2 14.Bxb2 a5 ( 14...Bb4 15.Ba6 Qb6
16.Qa4 Bxa6 17.Qxa6 O-O 18.Ne5 c5 19.Nd3 Rfb8 20.Qc4 Qb5 21.Rfc1 cxd4 22.Qxb5
Rxb5 23.Nxb4 Rxb4 24.Rxa7 Rbb8 25.Rxa8 Rxa8 26.Bxd4 { 1/2-1/2, L'Ami Erwin
2593 - Smeets Jan 2525 , Hoogeveen 25.10.2006 It (open) } ) 15.Qa4 Bb4 16.Ba3
Nd5 17.e4 Nb6 18.Qb3 Qe7 19.Rab1 Bxa3 20.Qxb6 Bb4 21.Ne1 O-O 22.Nc2 Rfd8
23.Nxb4 axb4 24.Qxb4 Qxb4 25.Rxb4 Ba6 26.Bxa6 { 1/2-1/2, Gelfand Boris 2733 -
Kramnik Vladimir 2785 , Mexico City 28. 9.2007 Ch World } ) 14.b3 ( 14.bxa3
O-O 15.Rb1 Qc7 16.e4 c5 17.Bf4 Qc8 18.Qe2 c4 19.Bc2 g6 20.Ne5 Bxa3 21.Bg5 Nd7
22.Nxc4 Ba6 23.Bd3 Bxc4 24.Bxc4 Nb6 25.Ba6 Qd7 26.Rfd1 f6 27.Bh6 Rf7 28.d5
exd5 29.exd5 Bd6 30.Bb5 Qe7 31.Qf3 f5 32.Bf4 Rd8 33.Re1 Qf8 { ...1-0, Gelfand
Boris 2685 - Brenninkmeijer Joris 2500 , Wijk aan Zee 1992 It (cat.14) } )
14...Qa5 ( 14...c5 15.Bb5+ Kf8 16.Bxa3 cxd4 17.Qxd4 Qxd4 18.Nxd4 Nd5 19.Rfc1
a6 20.Bc6 Bxc6 21.Rxc6 a5 22.g3 e5 23.Nf5 Bxa3 24.Rxa3 Ne7 25.Nxe7 Kxe7 26.Rc5
Rhb8 27.Rxe5+ Kf6 28.Raxa5 Rxa5 29.Rxa5 Rxb3 30.g4 h6 31.Kg2 Ke6 32.h4 Rc3
33.Kg3 Rc1 34.h5 { ...1-0, Gonzalez Garcia Jose 2541 - Shen Yang 2450 ,
Aguascalientes 11.2007 It (sheveningen) } ) ( 14...Qb6 15.Qc2 c5 16.Bxa3 cxd4
17.Nxd4 Bxa3 18.Rxa3 O-O 19.Rfa1 Rfc8 20.Qd2 e5 21.Nf5 Rd8 22.Qc3 g6 23.Ng3
Qc6 24.Qxc6 Bxc6 25.Bf1 Rdb8 26.Bc4 Bd5 27.Bxd5 Nxd5 28.Ne4 Rb4 29.Nd2 Rb7
30.Ra5 Rd8 31.Ne4 Nc7 32.Rxe5 Rxb3 33.g4 a6 34.Rc5 { ...1-0, Gelfand Boris
2701 - Pelletier Yannick 2545 , Biel 2001 It (cat.16) } ) ( 14...Nd5 15.Bxa3
Nb4 16.Bxb4 Bxb4 17.Ba6 Rb8 18.Ne5 Ba8 19.Bd3 Qc7 20.Rc1 Bd6 21.f4 c5 22.Qc2
Qb7 23.dxc5 Bxc5 24.Rfe1 h6 25.Qb2 Rc8 26.Re2 Bxe3+ { 0-1, Shipov Sergei 2490
- Bangiev Alexander 2418 , Berlin 1993 It (open) "Berlin Summer" } ) 15.b4 { N
} 15...Bxb4 16.Bxa3 O-O 17.Bxb4 Qxb4 18.Ne5 { +0.29 CAP } 18...Rfc8 19.Qc2 Qe7
20.Ra5 c5 21.dxc5 Bd5 22.Rfa1 Qb7 { ? } ( { ? } 22...h5 23.e4 Bc6 24.Nc4 Rc7
25.Nd6 Rd8 26.h3 Ne8 27.Nb5 { } ) 23.Ba6 Qc7 24.Bxc8 Qxe5 25.Bb7 Bxb7 26.c6
Qc7 27.cxb7 Qxb7 28.Rxa7 { } {#r} 1-0

[Event "It \"]
[Site "masterchessopen.com Nikea (Greece)"]
[Date "2008.06.24"]
[Round "5"]
[White "Mastrokoukos Georgios (GRE)"]
[Black "Kaforos Dimitrios-Alkis (GRE)"]
[Result "1-0"]
[WhiteElo "2306"]
[BlackElo "2163"]

1.d4 d5 2.c4 c6 3.Nf3 Nf6 4.e3 e6 5.Nc3 Nbd7 6.Bd3 dxc4 7.Bxc4 b5 8.Be2 Bb7
9.O-O a6 10.e4 b4 11.e5 bxc3 12.exf6 cxb2 13.fxg7 Bxg7 14.Bxb2 c5 15.Qd2 O-O
16.dxc5 Nxc5 17.Bxg7 Qxd2 18.Nxd2 Kxg7 19.Rfc1 Rfd8 20.Nc4 Rac8 21.Nb6 Rc6
22.Rab1 Rd2 23.Bf3 Rc7 24.Na4 Bxf3 25.gxf3 Rd5 26.Rb4 e5 27.Rbc4 {#r} 1-0

[Event "It (open)"]
[Site "masterchessopen.com Klatovy (Czech Republic)"]
[Round "0"]
[White "Krejci Jan (CZE)"]
[Black "Vedral Oldrich (CZE)"]
[Result "1-0"]
[WhiteElo "1719"]
[BlackElo "2235"]

1.d4 d5 2.c4 c6 3.Nc3 e6 4.e3 Nf6 5.Nf3 Nbd7 6.Bd3 dxc4 7.Bxc4 b5 8.Bd3 Bb7
9.e4 b4 10.Na4 c5 11.e5 Nd5 12.O-O cxd4 13.Re1 g6 14.Bg5 Qa5 15.Nxd4 Bg7
16.Bb5 a6 17.Nc5 Bc8 18.Ndxe6 fxe6 19.Nxe6 Qxb5 20.Nxg7+ Kf7 21.Nf5 gxf5
22.Qh5+ Kg8 23.e6 {#r} 1-0

[Event "Tournament (open)"]
[Site "masterchessopen.com Natal (Brazil)"]
[Date "2008.07.04"]
[Round "3"]
[White "Barbosa Eugenio Seve De Melo (BRA)"]
[Black "Ferreira Alexander (BRA)"]
[Result "1-0"]
[WhiteElo "2106"]
[BlackElo "1731"]

1.d4 Nf6 2.Nf3 d5 3.c4 e6 4.Nc3 c6 5.e3 Nbd7 6.Bd3 dxc4 7.Bxc4 b6 8.O-O Bd6
9.Qe2 O-O 10.Rd1 b5 11.Bd3 a5 12.a4 b4 13.Nb1 Bb7 14.e4 Be7 15.e5 Nd5 16.Nbd2
N7b6 17.Ne4 h6 18.Nc5 Bc8 19.Bc2 f5 20.exf6 Rxf6 21.Qe4 Bd6 22.Qh7+ Kf8
23.Qh8+ {#r} 1-0

[Event "Ch Slovakia (w)"]
[Site "masterchessopen.com Zvolen (Slovakia)"]
[Date "2008.07.13"]
[Round "9"]
[White "Dvoranova Maria (SVK)"]
[Black "Motycakova Monika (SVK)"]
[Result "0-1"]
[WhiteElo "1903"]
[BlackElo "2037"]

1.d4 d5 2.c4 c6 3.e3 Nf6 4.Nc3 e6 5.Nf3 Nbd7 6.Bd3 dxc4 7.Bxc4 b5 8.Bd3 b4
9.Ne4 Nxe4 10.Bxe4 Bb7 11.Qa4 Qb6 12.O-O Be7 13.Bd2 O-O 14.Rac1 Rac8 15.Bd3
Rfd8 16.Qc2 h6 17.b3 c5 18.Qb2 Bf6 19.Ne5 Nxe5 20.dxe5 Bxe5 21.Qxe5 Rxd3
22.Rc2 Rcd8 23.Rd1 R3d5 24.Qb2 Rg5 {#R} 0-1

[Event "It (open) \"]
[Site "masterchessopen.com Tromsoe (Norway)"]
[Date "2008.08.02"]
[Round "7"]
[White "Walther Joachim (GER)"]
[Black "Hagen Anders Gjerdum (NOR)"]
[Result "0-1"]
[WhiteElo "1748"]
[BlackElo "2110"]

1.d4 e6 2.Nf3 d5 3.c4 c6 4.e3 Nf6 5.Bd3 Nbd7 6.Nc3 dxc4 7.Bxc4 b5 8.Bd3 Bb7
9.O-O a6 10.a3 c5 11.dxc5 Bxc5 12.Be2 Qc7 13.Bd2 Ng4 14.h3 h5 15.hxg4 hxg4
16.g3 Ne5 17.Nh2 O-O-O 18.Bxg4 Rxh2 19.e4 Rdh8 20.Bf3 Nd3 21.Ne2 Nxf2 22.Rxf2
Rxf2 {#R} 0-1

[Event "Memorial Ivan Treber (open)"]
[Site "masterchessopen.com Vinkovci (Croatia)"]
[Date "2008.09.06"]
[Round "3"]
[White "Sutkovic Damir (BIH)"]
[Black "Martic Zlatko (CRO)"]
[Result "0-1"]
[WhiteElo "2347"]
[BlackElo "2319"]

1.d4 d5 2.c4 c6 3.Nc3 Nf6 4.e3 e6 5.Nf3 Nbd7 6.Bd3 dxc4 7.Bxc4 b5 8.Bb3 Bb7
9.O-O b4 10.Ne2 c5 11.Nf4 Qb6 12.Ng5 Bd6 13.Nxf7 Bxf4 14.exf4 Kxf7 15.f5 Bd5
16.dxc5 Nxc5 17.Be3 Rac8 18.Rc1 Rhd8 19.Rxc5 Rxc5 20.Re1 exf5 21.Bxc5 Qxc5
22.Re5 Bxb3 23.Qxb3+ Rd5 24.h3 Qc1+ {#R} 0-1

[Event "It \"]
[Site "masterchessopen.com Villa Martelli (Argentina)"]
[Date "2008.10.11"]
[Round "2"]
[White "Landriel Mario (ARG)"]
[Black "Micele Omar (ARG)"]
[Result "1-0"]
[WhiteElo "2272"]
[BlackElo "1935"]

1.d4 d5 2.Nf3 Nf6 3.c4 e6 4.e3 Nbd7 5.Nc3 c6 6.Bd3 dxc4 7.Bxc4 Bd6 8.e4 Bc7
9.Bg5 h6 10.Bh4 g5 11.Bg3 Bxg3 12.fxg3 b5 13.e5 Ng4 14.Bd3 Ne3 15.Qd2 Nf5
16.g4 Ne7 17.Ne4 Nd5 18.h4 Rg8 19.hxg5 hxg5 20.Nfxg5 Nf8 21.O-O Qb6 22.Qf2 Rg7
23.Nxf7 Ba6 24.Nc5 Ke7 25.Qh4+ {#r} 1-0

[Event "Ch France (team) (nat.1) 2008/09"]
[Site "masterchessopen.com France"]
[Date "2008.11.23"]
[Round "3"]
[White "Ludwig Remi (FRA)"]
[Black "Luminais Eric (FRA)"]
[Result "1-0"]
[WhiteElo "2208"]
[BlackElo "2203"]

1.d4 d5 2.c4 c6 3.Nc3 Nf6 4.e3 e6 5.Nf3 Nbd7 6.Bd3 dxc4 7.Bxc4 b5 8.Bd3 Bb7
9.a4 a6 10.O-O Bd6 11.e4 e5 12.dxe5 Nxe5 13.Nxe5 Bxe5 14.Be3 O-O 15.Qe2 Re8
16.f3 Qd6 17.g3 Qe6 18.Qc2 Rac8 19.Ne2 Bb8 20.Nd4 Qh3 21.Nb3 Nd5 22.exd5 Rxe3
23.Bf5 Qh6 24.Bxc8 Ba7 25.Kh1 Bxc8 26.axb5 {#r} 1-0

[Event "It (open)"]
[Site "masterchessopen.com Seoul (South Korea)"]
[Date "2008.12.04"]
[Round "7"]
[White "Kojima Shinya (JPN)"]
[Black "Lee Kiyul (KOR)"]
[Result "1-0"]
[WhiteElo "2272"]
[BlackElo "1952"]

1.Nf3 d5 2.d4 Nf6 3.c4 e6 4.Nc3 c6 5.e3 Nbd7 6.Bd3 dxc4 7.Bxc4 b5 8.Bd3 Bb7
9.a3 b4 10.Ne4 Nxe4 11.Bxe4 Qb6 12.O-O c5 13.Bxb7 Qxb7 14.axb4 cxb4 15.Qa4 Bd6
16.Bd2 O-O 17.Qa6 Rfb8 18.Qxd6 a5 19.Rfc1 Ra7 20.Qc6 Qxc6 21.Rxc6 a4 22.g3
{#r} 1-0

[Event "Memorial T.Petrosian (juniors)"]
[Site "masterchessopen.com Moscow (Russia)"]
[Round "7"]
[White "Kostoglotov Dmitry (RUS)"]
[Black "Zaitsev Andrey (RUS)"]
[Result "1-0"]
[WhiteElo "1859"]
[BlackElo "1926"]

1.d4 d5 2.c4 c6 3.Nf3 Nf6 4.Nc3 e6 5.e3 Nbd7 6.Bd3 dxc4 7.Bxc4 b5 8.Bd3 Bb7
9.O-O a6 10.e4 b4 11.Ne2 c5 12.e5 Nd5 13.Be4 cxd4 14.Nexd4 Nc3 15.bxc3 Bxe4
16.cxb4 Bxb4 17.Qa4 Bc5 18.Nxe6 fxe6 19.Qxe4 Be7 20.Be3 O-O 21.Rfd1 Rc8 22.Qb7
{#r} 1-0

[Event "Tournament (Elo) \"]
[Site "masterchessopen.com Podgorica (Montenegro)"]
[Date "2009.01.17"]
[Round "5"]
[White "Markovic Slobodan (MNE)"]
[Black "Pecurica Milos (MNE)"]
[Result "0-1"]
[WhiteElo "1792"]
[BlackElo "2010"]

1.d4 d5 2.c4 c6 3.e3 Nf6 4.Nc3 e6 5.Nf3 Nbd7 6.Bd3 dxc4 7.Bxc4 b5 8.Bd3 Bb7
9.e4 b4 10.Ne2 c5 11.Ng3 Qb6 12.Be3 Ng4 13.dxc5 Bxc5 14.Bxc5 Nxc5 15.O-O Rd8
16.Ne1 Ne5 17.Rc1 Nexd3 18.Nxd3 Nxd3 19.Qa4+ Ke7 20.Rc2 Rhe8 21.Qb3 Kf8 22.Kh1
Ba6 23.Rd2 Nc5 24.Qd1 Bxf1 25.Nxf1 Nxe4 {#R} 0-1

[Event "Ch Bulgaria (1/2 final)"]
[Site "masterchessopen.com Plovdiv (Bulgaria)"]
[Date "2009.01.28"]
[Round "5"]
[White "Ivanov Ljubomir (BUL)"]
[Black "Andreev Sasho (BUL)"]
[Result "0-1"]
[WhiteElo "1949"]
[BlackElo "2090"]

1.d4 d5 2.c4 c6 3.Nf3 e6 4.Nc3 Nd7 5.e3 Ngf6 6.Bd3 dxc4 7.Bxc4 b5 8.Bd3 Bb7
9.O-O b4 10.Na4 c5 11.Nxc5 Bxc5 12.dxc5 Nxc5 13.Bb5+ Ke7 14.Nd4 Qb6 15.Bd2 a5
16.Rc1 Nfe4 17.Qh5 Rad8 18.f3 Rxd4 19.Qh4+ g5 20.Qh6 Nxd2 21.Rfd1 Nxf3+
22.gxf3 Rg8 23.exd4 {#R} 0-1

[Event "Ch City"]
[Site "masterchessopen.com Belgrade (Serbia)"]
[Date "2009.01.30"]
[Round "7"]
[White "Kocic Sasa (SRB)"]
[Black "Ristic Slobodan B (SRB)"]
[Result "1-0"]
[WhiteElo "2236"]
[BlackElo "2077"]

1.Nf3 Nf6 2.c4 c6 3.d4 d5 4.e3 e6 5.Nc3 Nbd7 6.Bd3 dxc4 7.Bxc4 b5 8.Bd3 Bb7
9.e4 b4 10.Na4 Be7 11.Qe2 O-O 12.e5 Nd5 13.Qe4 g6 14.h4 Bc8 15.Bh6 f5 16.exf6
N7xf6 17.Qe2 Re8 18.Ne5 Qa5 19.b3 c5 20.h5 g5 21.Bxg5 cxd4 22.Qf3 Rf8 23.Bh6
Ne3 24.Qg3+ {#r} 1-0

[Event "Czech League 2008/09 (2nd) (d)"]
[Site "masterchessopen.com Czech Republic"]
[Date "2009.02.08"]
[Round "8"]
[White "Skacelik Petr (CZE)"]
[Black "Bujnoch Radek (CZE)"]
[Result "0-1"]
[WhiteElo "2269"]
[BlackElo "2196"]

1.d4 d5 2.c4 c6 3.Nc3 Nf6 4.Nf3 e6 5.e3 Nbd7 6.Bd3 dxc4 7.Bxc4 b5 8.Bd3 Bb7
9.e4 b4 10.Na4 c5 11.e5 Nd5 12.Nxc5 Nxc5 13.dxc5 Bxc5 14.Nd2 Nf4 15.Be4 Nxg2+
16.Kf1 Bxe4 17.Qa4+ Ke7 18.Nxe4 Qd3+ 19.Kxg2 Qxe4+ 20.Kg3 h5 21.Bg5+ f6 22.f3
h4+ {#R} 0-1

[Event "Ch Colombia (juniors) (under 14) (g)"]
[Site "masterchessopen.com Villanvicencio  (Colombia)"]
[Date "2009.03.20"]
[Round "3"]
[White "Fiesco Valentina (COL)"]
[Black "Mora Monica (COL)"]
[Result "1-0"]
[WhiteElo "2032"]
[BlackElo "1975"]

1.d4 d5 2.c4 e6 3.Nc3 Nf6 4.Nf3 c6 5.e3 Nbd7 6.Bd3 dxc4 7.Bxc4 Nb6 8.Bb3 Nbd5
9.Nxd5 exd5 10.O-O Bd6 11.Re1 O-O 12.Qd3 Ne4 13.Bc2 Qf6 14.b3 Bf5 15.Qd1 Bg4
16.h3 Bh5 {#r} 1-0

[Event "Ch Colombia (juniors) (under 12) (g)"]
[Site "masterchessopen.com Bogota (Colombia)"]
[Round "1"]
[White "Fiesco Valentina (COL)"]
[Black "Hernandez Maria Paula (COL)"]
[Result "1-0"]
[WhiteElo "2032"]
[BlackElo "1978"]

1.d4 d5 2.c4 c6 3.Nf3 Nf6 4.Nc3 e6 5.e3 Nbd7 6.Bd3 dxc4 7.Bxc4 b5 8.Bb3 Bb7
9.O-O a5 10.Re1 a4 11.Bc2 Qc7 12.e4 Rc8 13.Bg5 Be7 14.e5 Nd5 15.Nxd5 cxd5
16.Rc1 Qb6 17.Qd2 h6 18.Bxe7 Kxe7 19.Qb4+ Ke8 20.Bd3 Rxc1 21.Rxc1 Ba6 22.Qd6
Qxd6 23.exd6 Kd8 24.Rc7 Rf8 25.Ra7 Nb8 26.Ne5 f6 27.Nf7+ Kc8 28.Rc7# 1-0

[Event "Tournament (Elo)"]
[Site "masterchessopen.com Gorodovikovsk (Russia)"]
[Round "5"]
[White "Soshnikov Mikhail (UKR)"]
[Black "Pisanovsky Maxim (RUS)"]
[Result "1-0"]
[WhiteElo "2312"]
[BlackElo "2085"]

1.d4 d5 2.Nf3 c6 3.e3 Nf6 4.c4 e6 5.Nc3 Nbd7 6.Bd3 dxc4 7.Bxc4 b5 8.Bb3 Bb7
9.O-O a6 10.e4 b4 11.e5 bxc3 12.exf6 cxb2 13.fxg7 Bxg7 14.Bxb2 c5 15.Qe2 O-O
16.Rad1 Qf6 17.Ba1 Bxf3 18.gxf3 Qf4 19.Kh1 Bxd4 20.Rg1+ Kh8 21.Rg4 Qf6
22.Rgxd4 cxd4 23.Rxd4 Nc5 24.Rd1 {#r} 1-0

[Event "It \"]
[Site "masterchessopen.com Serpukhov (Russia)"]
[Date "2009.05.05"]
[Round "8"]
[White "Odnorozhenko Evgenyi (UKR)"]
[Black "Matsenko Elena (RUS)"]
[Result "1-0"]
[WhiteElo "2341"]
[BlackElo "2049"]

1.d4 d5 2.c4 c6 3.Nc3 Nf6 4.e3 e6 5.Nf3 Nbd7 6.Bd3 dxc4 7.Bxc4 b5 8.Bb3 b4
9.Ne2 c5 10.O-O Be7 11.Nf4 Qb6 12.e4 Nxe4 13.Re1 Nef6 14.Qc2 Bb7 15.d5 exd5
16.Nxd5 Nxd5 17.Qe4 Qd6 18.Bg5 f6 19.Rad1 O-O-O 20.Bf4 Qxf4 21.Qe6 Kb8 22.Bxd5
Bxd5 23.Rxd5 {#r} 1-0

[Event "Tournament (Elo) (1)"]
[Site "masterchessopen.com Sta Eulalia de Roncana (Spain)"]
[Date "2009.05.07"]
[Round "3"]
[White "Ortega Serra Marc (ESP)"]
[Black "Del Valle Cirera Adria (ESP)"]
[Result "0-1"]
[WhiteElo "2121"]
[BlackElo "2200"]

1.d4 d5 2.c4 e6 3.Nc3 c6 4.Nf3 Nf6 5.e3 Nbd7 6.Bd3 dxc4 7.Bxc4 b5 8.Bb3 b4
9.Ne2 Bb7 10.O-O c5 11.Nf4 Bd6 12.Re1 O-O 13.Ng5 Bxf4 14.exf4 h6 15.Nh3 Qb6
16.Be3 Qc6 17.f3 c4 18.Rc1 Nb6 19.Qe2 Ba6 20.Nf2 Nfd5 21.Ne4 Bb5 22.Qd2 f5
23.Ng3 Qd6 24.Bd1 Rac8 25.Ne2 c3 26.bxc3 Nc4 {#R} 0-1

[Event "Ch Austria (w)"]
[Site "masterchessopen.com Jenbach (Austria)"]
[Date "2009.07.29"]
[Round "5"]
[White "Mira Helene (AUT)"]
[Black "Schink Barbara (AUT)"]
[Result "1-0"]
[WhiteElo "2108"]
[BlackElo "2043"]

1.d4 d5 2.c4 c6 3.Nf3 Nf6 4.e3 e6 5.Nc3 Nbd7 6.Bd3 dxc4 7.Bxc4 b5 8.Bd3 Bb7
9.O-O b4 10.Na4 c5 11.dxc5 Bxc5 12.Nxc5 Nxc5 13.Bb5+ Ke7 14.Qe2 Qb6 15.Rd1
Rhd8 16.Bd2 a5 17.Rac1 Kf8 18.Be1 Nfe4 19.Ne5 Nf6 20.f3 Rxd1 21.Rxd1 Qc7
22.Bg3 Qb6 23.a4 bxa3 24.bxa3 Rd8 25.a4 Nd5 26.Qc2 Rc8 27.Qxh7 {#r} 1-0

[Event "It (open)"]
[Site "masterchessopen.com Kiel (Germany)"]
[Date "2009.08.02"]
[Round "5"]
[White "Magnussen Helge (GER)"]
[Black "Millgramm Stephan (GER)"]
[Result "1-0"]
[WhiteElo "2056"]
[BlackElo "1843"]

1.d4 d5 2.c4 e6 3.Nc3 c6 4.e3 Nf6 5.Nf3 Nbd7 6.Bd3 dxc4 7.Bxc4 b5 8.Bd3 Bb7
9.e4 Be7 10.O-O O-O 11.e5 Nd5 12.Ne4 Nb4 13.Bb1 c5 14.a3 Na6 15.Qd3 c4 16.Qe3
Nc7 17.Qf4 Ne8 18.Qg4 f5 19.exf6 Nexf6 20.Qxe6+ Kh8 21.Neg5 Bd5 22.Qh3 Bg8
23.Ne5 Nxe5 24.dxe5 Qd7 25.Bf5 {#r} 1-0